Vzťahy ruskej federácie s Európskou úniou
Saved in:
| Main Author: | |
|---|---|
| Format: | Book Chapter |
| Language: | Slovak |
| Tags: |
No Tags, Be the first to tag this record!
|
MARC
| LEADER | 00000nla$a2200000$$$4500 | ||
|---|---|---|---|
| 001 | 0062821 | ||
| 005 | 20240502071719.5 | ||
| 041 | 0 | |a slo | |
| 044 | |a SK | ||
| 245 | 1 | 0 | |a Vzťahy ruskej federácie s Európskou úniou |c Irina Scemeliova |
| 100 | 1 | |a Scemeliova, Irina | |